| 000 | 00354cam a2200145ua 4500 | ||
|---|---|---|---|
| 999 |
_c14832 _d14832 |
||
| 020 | _a9788121905206 | ||
| 082 |
_a624.171 _bKHU/TH |
||
| 100 |
_aKhurmi, R.S . _92052 |
||
| 245 | _aTheory of Structures | ||
| 250 | _a12 rev | ||
| 260 |
_aNew Delhi : _bS. Chand and Company Limited. _c2016 |
||
| 300 | _a710p | ||
| 700 |
_aKhurmi, N _91314 |
||
| 942 | _cBK | ||